000 00654nam a22002177a 4500
003 koha_MIRAKIL
005 20260414101632.0
008 260414b tur||||| |||| 00| 0 tur d
020 _a9789752207790
040 _aTR-IsEVY
_btur
_cTR-IsEVY
041 _atur
082 _aFIC MİA/M
100 _aMiandji, Anooshirvan
245 0 _aMuz cenneti /
_cAnooshirvan Miandji ; resimleyen Candan İşcan.
250 _a10. bs.
260 _aİstanbul :
_bBilgi Çocuk Yayınları,
_c2022.
300 _a75 s. :
_brenkli resimli ;
_c19 cm.
650 _aÇocuk Edebiyatı.
_vÇocuk Romanı.
700 1 _aİşcan, Candan.
_cresimleyen.
942 _2ddc
_cBK
999 _c23456
_d23456